Countries That Use The US Dollar - Statistics

General Stats
  • This quiz has been taken 36 times
  • The average score is 4 of 9
Answer Stats
Answer % Correct
United States
87%
Panama
55%
Marshall Islands
48%
Ecuador
42%
Micronesia
39%
Palau
35%
El Salvador
32%
Liberia
29%
Timor-Leste
10%
No matching quizzes found
Score Distribution
Percent of People with Each Score
Percentile by Number Answered
Your Score History
You have not taken this quiz